000 01935cam a2200361 a 4500
999 _c688
_d688
001 16933692
003 GZU
005 20200910120620.0
008 110824s2012 ne b 001 0 eng
010 _a 2011035752
020 _a9789004210240 (hardback : alk. paper)
020 _a9004210245 (hardback : alk. paper)
035 _a(OCoLC)ocn747947336
040 _aDLC
_cDLC
_dYDX
_dBTCTA
_dCDX
_dYDXCP
_dOHX
_dBWX
_dDLC
042 _apcc
050 0 0 _aKZ6368
_b.B47 2012
082 0 0 _a341.5/84
_223
100 1 _aBerman, Nathaniel.
245 1 0 _aPassion and ambivalence :
_bcolonialism, nationalism, and international law /
_cby Nathaniel Berman.
260 _aLeiden ;
_aBoston :
_bMartinus Nijhoff Publishers,
_c2012.
300 _axiii, 460 p. ;
_c25 cm.
490 0 _aLegal history library ;
_vv. 6
490 0 _aStudies in the history of international law ;
_vv. 3
504 _aIncludes bibliographical references and index.
505 0 _aIn the wake of empire -- Intervention in a "divided world" : axes of legitimacy -- "But the alternative is despair" : European nationalism and the modernist renewal of international law -- Between "alliance" and "localization" : nationalism and the new oscillationism -- The nationality decrees case, or, of intimacy and consent -- Beyond colonialism and nationalism? Ethiopia, Czechoslovakia, and "peaceful change" -- Nationalism "Good" and "Bad" : the vicissitudes of an obsession -- Legalizing Jerusalem, or, of law, fantasy, and faith -- Imperial ambivalences : scenes from a critical history of internationalism.
650 0 _aIntervention (International law)
650 0 _aIntervention (International law)
_xHistory.
650 0 _aInternational law.
650 0 _aNationalism.
906 _a7
_bcbc
_corignew
_d1
_eecip
_f20
_gy-gencatlg
942 _2lcc
_cBK
_h6368
_iBER
_kKZ
_m2012